Adolf Petr Záturecký narodil sa v Sielnici ...

Biografické heslo autora pre Malý Ottův slovník náučný

Bibliographic Details
Main Author: Záturecký, Adolf Peter, 1837-1904 (Author)
Format: Manuscript Book
Language:Slovak
PhysicalDescription:1 nečíslovaná strana rukopis, voľný list 34 cm
Published: [Brezno] [medzi 1902 a 1906?]
Subjects:

MARC

LEADER 00000ntmaa2200000 a 4500
001 vtls012129853
003 SK-MaSNL
005 20260301055410.0
008 230802q1902 xo || 000 0aslo
035 |a urn:nbn:sk:snk-tm00iaxl 
035 |a 7AEC468C-4E21-4972-9706-743AD3D87D1F 
040 |a SNKLA  |b slo  |c SNKLA  |e AACR2 
041 0 |a slo 
044 |a xo  |c SK 
072 7 |a 929  |x Biografie  |2 konspekt 
080 |a 025.171  |2 2011 
080 |a (092)  |2 2011 
100 1 |a Záturecký, Adolf Peter,  |d 1837-1904  |4 aut  |9 114770 
245 1 0 |a Adolf Petr Záturecký narodil sa v Sielnici ...  |c [Adolf Peter Záturecký] 
246 3 3 |a Vlastný životopis Zátureckého 
246 3 3 |a Vlastný životopis pre Ottov slovník 
260 |a [Brezno]  |c [medzi 1902 a 1906?] 
300 |a 1 nečíslovaná strana  |b rukopis, voľný list  |c 34 cm 
500 |a Autor podľa signatúry 11 B 40 a i. 
500 |a Alternatívne názvy vytvorené katalogizátorom 
520 2 |a Biografické heslo autora pre Malý Ottův slovník náučný 
555 0 |a Inventár rukopisov Literárneho archívu Matice slovenskej VII. Fondy 1 - 30. Martin : Matica slovenská 1978 
600 1 7 |a Záturecký, Adolf Peter,  |d 1837-1904  |2 SNKMA  |9 114770 
655 7 |a biografické heslá  |2 SNKPH  |9 368942 
655 7 |a autobiografie  |2 SNKPH  |9 70280 
655 7 |a rukopisy  |2 SNKPH  |9 70548 
852 |a Slovenská národná knižnica  |b Literárny archív 
958 |a OF 
958 |a LAVD 
999 |c 613282  |d 615212 
952 |a SNKLA  |b SNKLA  |c SNKLA_DEP  |y NEVYP  |7 0  |p 17A1230234  |o snk11 B 28  |0 0  |1 0  |4 0  |d 2022-04-04  |f 1  |l 0  |r 2026-02-23 16:29:51  |w 2026-02-23